00768nam a2200241Ia 4500003000900000008004100009040001300050040001300063041000800076100002100084245004600105250001100151260001500162260000900177300001100186300001000197490004500207490000600252600004200258942000700300999001700307952020200324IT-RoPAU120407s9999 xx 000 0 und d aIT-RoPAU cIT-RoPAU aita aHenri Bissonnier aPsicologia e morale nella nuova catechesi aTorino aElle Di Ci c1969 a230 p. c21 cm aFondamenti di una catechesi rinnovata,10 v1 aPsicopedagogia della coscienza morale cBK c29619d29619 00102ddc406241_700000000000000_4071aPAULUSbPAULUSd2012-04-11l0o241.7.40r2012-04-11 00:00:00w2012-04-11yBKzInserito da: Carla In data: 24 ottobre 2011 fondo: Via A.Severo 56 Progr:30239